Tradición, revolución y restauración en el pensamiento político de Don Juan Vásquez de Mella
Salvato in:
| Autore principale: | |
|---|---|
| Natura: | Libro |
| Lingua: | spagnolo |
| Pubblicazione: |
Buenos Aires
Nuevo Orden
1966
|
| Soggetti: | |
| Tags: |
Aggiungi Tag
Nessun Tag, puoi essere il primo ad aggiungerne!!
|
MARC
| LEADER | 00000nam a2200000 a 4500 | ||
|---|---|---|---|
| 001 | UCW9958 | ||
| 003 | CL-VaPUC | ||
| 008 | 890711e19660000AG |||||||||||||||||spa|d | ||
| 082 | 0 | 4 | |a 946.09 |b CAL |2 21 |
| 100 | |a Calderón Bouchet, Rubén |e author |9 379357 | ||
| 245 | 1 | 0 | |a Tradición, revolución y restauración en el pensamiento político de Don Juan Vásquez de Mella |
| 300 | |a 97 p | ||
| 942 | |c BK | ||
| 945 | |d 19890711 00:00:00 | ||
| 260 | |a Buenos Aires |b Nuevo Orden |c 1966 | ||
| 600 | 0 | 7 | |a VASQUEZ DE MELLA, JUAN |2 CL-VaPUC |9 315434 |
| 650 | 0 | |a Iglesia y Estado |9 254995 | |
| 650 | 0 | |a Historia de España |9 315435 | |
| 650 | 7 | |a FILOSOFIA POLITICA |2 CL-VaPUC |9 315436 | |
| 650 | 0 | |a Aspectos sociales |9 254894 | |
| 651 | 0 | |a España |9 254926 | |
| 583 | |a last modification |c 20160913 12:16:32 |k Rodrigo Vera | ||
| 999 | |c 221784 |d 221782 | ||
| 952 | |0 0 |1 0 |4 0 |6 946_090000000000000_CAL_1966 |7 0 |8 P |9 215660 |a BIBEDU |b BIBEDU |c BIBEDU_PB |d 2019-11-15 |i 2840464 |o 946.09 CAL 1966 |p 2840464 |r 2024-01-25 |w 2019-11-15 |y BK |k FIL | ||